[Event "26th EUR-ch"]
[Site "Katowice POL"]
[Date "2026.04.10"]
[Round "3.204"]
[White "Spanos, Nomikos"]
[Black "Smietanska, Wiktoria"]
[Result "0-1"]
[WhiteElo "1885"]
[BlackElo "2248"]
[EventDate "2026.04.07"]
[PlyCount "130"]

1.d4 d5 2.Nc3 Nf6 3.Bf4 c5 4.e3 cxd4 5.exd4 Bg4 6.f3 Bd7 7.g4 Nc6 8.Nge2 
h6 9.h4 a6 10.Qd2 b5 11.Ng3 e6 12.Kf2 Rc8 13.Kg2 Bb4 14.Qe3 Ne7 15.g5 Nfg8
16.Bd3 h5 17.Nce2 Nc6 18.Nf5 g6 19.Nd6+ Bxd6 20.Bxd6 Nge7 21.Qf4 O-O 22.a4
bxa4 23.Bxa6 Ra8 24.Bb7 Ra7 25.Bxc6 Bxc6 26.b3 Re8 27.Bc5 Ra8 28.b4 Nf5 
29.Ng3 Nxg3 30.Kxg3 Bb5 31.Ra3 Ra6 32.Re1 Qb8 33.Re5 Bd7 34.Qe3 Qb5 35.Qe2
Qxe2 36.Rxe2 Bb5 37.Ree3 Kg7 38.f4 f6 39.Rac3 Rea8 40.Ra3 Rb8 41.Be7 fxg5 
42.fxg5 Rb7 43.Bf6+ Kg8 44.Kf4 Bc4 45.c3 Bb3 46.Kf3 Rc6 47.Ke2 Kf7 48.Kd2 
Ke8 49.Kc1 Rxb4 50.Rxe6+ Rxe6 51.cxb4 Re4 52.Kb2 Rxh4 53.b5 Kd7 54.Kc3 Rh1
55.Kb4 Kc7 56.Ka5 Kb7 57.Be5 Rg1 58.Kb4 Rc1 59.Ka5 h4 60.Bd6 h3 61.Be5 Rd1
62.Kb4 Kb6 63.Bd6 Rxd4+ 64.Kc3 Rd1 65.Kb4 Rc1 0-1

[Event "26th EUR-ch"]
[Site "Katowice POL"]
[Date "2026.04.10"]
[Round "3.205"]
[White "Dubinski, Mateusz"]
[Black "Ivanauskas, Deividas"]
[Result "1-0"]
[WhiteElo "2222"]
[BlackElo "1883"]
[EventDate "2026.04.07"]
[PlyCount "97"]

1.d4 d5 2.c4 c5 3.Nf3 Nf6 4.cxd5 cxd4 5.Qxd4 Qxd5 6.Nc3 Qxd4 7.Nxd4 a6 8.
g3 e5 9.Nc2 Nc6 10.Bg2 Be6 11.Bg5 Be7 12.O-O O-O 13.Ne3 Rfd8 14.Bxf6 Bxf6 
15.Ned5 Bxd5 16.Nxd5 Rd6 17.Nxf6+ Rxf6 18.Rfd1 Kf8 19.Rd7 Rb8 20.e3 Re6 
21.Rad1 Re7 22.b3 Ke8 23.Rxb7 Rexb7 24.Bxc6+ Ke7 25.Bxb7 Rxb7 26.Rd5 f6 
27.Ra5 Rb6 28.g4 g5 29.Kg2 Kf7 30.h4 h6 31.h5 Ke6 32.Rc5 f5 33.Rc7 fxg4 
34.e4 Kd6 35.Rg7 Kc5 36.Rg6 Rb7 37.Rxh6 a5 38.Ra6 Rh7 39.h6 Kb5 40.Re6 Kb4
41.Kg3 Rf7 42.Rxe5 Rf3+ 43.Kxg4 Rxf2 44.a3+ Kxa3 45.Rxa5+ Kxb3 46.Rxg5 Kc4
47.h7 Rg2+ 48.Kf5 Rh2 49.Kg6 1-0

[Event "26th EUR-ch"]
[Site "Katowice POL"]
[Date "2026.04.10"]
[Round "3.206"]
[White "Portelli, Matthew"]
[Black "Duda, Aleksandra"]
[Result "1/2-1/2"]
[WhiteElo "2213"]
[BlackElo "1878"]
[EventDate "2026.04.07"]
[PlyCount "111"]

1.e4 d5 2.exd5 Qxd5 3.Nc3 Qd6 4.d4 Nf6 5.Nf3 a6 6.g3 Nc6 7.d5 Ne5 8.Bf4 
Nxf3+ 9.Qxf3 e5 10.dxe6 Qxe6+ 11.Be2 Bd6 12.O-O-O Bxf4+ 13.Qxf4 Qb6 14.g4 
Be6 15.g5 Nd7 16.Bg4 O-O-O 17.Bxe6 fxe6 18.Qf7 Rhf8 19.Qxg7 Rxf2 20.Qxh7 
Qe3+ 21.Kb1 Qxg5 22.Qe4 Qf5 23.h4 Nf6 24.Rxd8+ Kxd8 25.Qxb7 Qxc2+ 26.Ka1 
Rd2 27.Nb1 Rd6 28.Qf3 e5 29.h5 e4 30.Qf5 Rb6 31.Qe5 e3 32.h6 Qg2 33.Rh2 
Qg8 34.Qxe3 Qh7 35.Nc3 Kc8 36.Qf3 Ng8 37.Qa8+ Kd7 38.Rd2+ Rd6 39.Rxd6+ 
Kxd6 40.Qxa6+ Kd7 41.Qb5+ Kc8 42.a4 Nxh6 43.a5 Nf7 44.Qd5 Qg6 45.Qa8+ Kd7 
46.a6 Nd8 47.Qd5+ Kc8 48.Qa5 Qg1+ 49.Ka2 Nc6 50.Qf5+ Kb8 51.Qe6 Qb6 52.
Qe8+ Ka7 53.Qh5 Qxa6+ 54.Kb1 Qd3+ 55.Ka2 Qa6+ 56.Kb1 1/2-1/2

[Event "26th EUR-ch"]
[Site "Katowice POL"]
[Date "2026.04.10"]
[Round "3.207"]
[White "Udelnov, Valentin"]
[Black "Kaplanova, Dominika"]
[Result "1-0"]
[WhiteElo "2186"]
[BlackElo "1869"]
[EventDate "2026.04.07"]
[PlyCount "57"]

1.e4 e5 2.Nf3 Nf6 3.Nxe5 d6 4.Nf3 Nxe4 5.d4 d5 6.Bd3 Be7 7.O-O Nc6 8.Nc3 
Nxc3 9.bxc3 O-O 10.Bf4 Bg4 11.Rb1 b6 12.Re1 Bf6 13.Re3 Ne7 14.h3 Be6 15.
Ng5 Bf5 16.Qh5 Bxd3 17.cxd3 h6 18.Nf3 Ng6 19.Bg3 Ne7 20.Nh4 Kh7 21.Rbe1 g6
22.Qe2 g5 23.Qf3 Ng6 24.Nf5 Nf4 25.Bxf4 gxf4 26.Qh5 Bg5 27.Re7 Qc8 28.
Rxf7+ Kg8 29.Qg6+ 1-0

[Event "26th EUR-ch"]
[Site "Katowice POL"]
[Date "2026.04.10"]
[Round "3.208"]
[White "Sertbay, Huseyin"]
[Black "Pietrzak, Wojciech"]
[Result "1-0"]
[WhiteElo "2171"]
[BlackElo "1854"]
[EventDate "2026.04.07"]
[PlyCount "171"]

1.d4 Nf6 2.c4 e6 3.Nc3 Bb4 4.f3 c5 5.d5 O-O 6.e4 Re8 7.Bd2 d6 8.Nge2 exd5 
9.cxd5 Nbd7 10.Ng3 Nf8 11.Be2 a6 12.a4 h6 13.O-O Bd7 14.Qc2 Rc8 15.b3 Qa5 
16.Rfc1 Ng6 17.Nf1 Nh5 18.g3 c4 19.bxc4 Ne5 20.Ne3 Qb6 21.Kg2 Bc5 22.Ncd1 
g5 23.Rab1 Qa7 24.Qb3 Re7 25.Bb4 Ng6 26.Bxc5 Qxc5 27.Qb6 Ng7 28.Qxc5 Rxc5 
29.Rb6 Ne8 30.Nc3 Bc8 31.Kf2 Ne5 32.f4 Nd7 33.Rb2 Ng7 34.Bd3 Rc7 35.e5 Nc5
36.Bb1 Ne8 37.Rb6 Red7 38.Nf5 dxe5 39.fxe5 Rd8 40.d6 Rcd7 41.Nxh6+ Kf8 42.
Bf5 Kg7 43.Ng4 Rxd6 44.exd6 Bxf5 45.Kf3 Nd3 46.Rf1 Nxd6 47.Ne3 Be6 48.c5 
Nxc5 49.Rd1 Nc8 50.Rxd8 Nxb6 51.a5 Nbd7 52.Ned5 Ne5+ 53.Ke3 Nc6 54.Ra8 
Nxa5 55.Nc7 Bf5 56.N3d5 Nc6 57.Ne8+ Kg6 58.Nd6 Be6 59.Rg8+ Kh6 60.Nf6 Ne7 
61.Re8 Nc6 62.Rg8 Ne7 63.Re8 Nc6 64.h4 gxh4 65.gxh4 b5 66.Rg8 Ne5 67.Nde8 
Ncd7 68.Rg5 Nxf6 69.Nxf6 Ng6 70.Rh5+ Kg7 71.Ne8+ Kf8 72.Nc7 Bc8 73.Kd4 Ke7
74.Rh7 Nf4 75.Rh8 Ne6+ 76.Nxe6 Bxe6 77.Ra8 Kf6 78.Ke4 Kg6 79.Kf4 b4 80.
Rxa6 b3 81.Rb6 Kh5 82.Rb8 b2 83.Rxb2 Kxh4 84.Rh2+ Bh3 85.Rh1 f5 86.Rh2 1-0

[Event "26th EUR-ch"]
[Site "Katowice POL"]
[Date "2026.04.10"]
[Round "3.209"]
[White "Podgorski, Maciej"]
[Black "Zieba, Franciszek"]
[Result "1-0"]
[WhiteElo "2113"]
[BlackElo "1846"]
[EventDate "2026.04.07"]
[PlyCount "47"]

1.c4 e5 2.Nc3 Nf6 3.g3 Bc5 4.Bg2 O-O 5.e3 c6 6.d4 exd4 7.exd4 Re8+ 8.Nge2 
Bb4 9.O-O d5 10.cxd5 Bg4 11.Qb3 Qb6 12.Nf4 Ba5 13.Be3 Qa6 14.dxc6 Nxc6 15.
Nb5 Rad8 16.Nd5 Nxd5 17.Bxd5 Rxd5 18.Qxd5 Nb4 19.Qc5 b6 20.Qg5 Bh3 21.Nd6 
Qe2 22.Nxe8 Kf8 23.Nd6 f6 24.Qb5 1-0

[Event "26th EUR-ch"]
[Site "Katowice POL"]
[Date "2026.04.10"]
[Round "3.210"]
[White "Trybus, Dominika"]
[Black "Flak, Pawel"]
[Result "0-1"]
[WhiteElo "1841"]
[BlackElo "2111"]
[EventDate "2026.04.07"]
[PlyCount "76"]

1.e4 Nf6 2.e5 Nd5 3.d4 d6 4.c4 Nb6 5.f4 Bf5 6.Nf3 e6 7.Be2 dxe5 8.fxe5 c5 
9.Bg5 Be7 10.Bxe7 Qxe7 11.Nc3 cxd4 12.Qxd4 Nc6 13.Qf2 Qb4 14.O-O Qxb2 15.
Nb5 O-O 16.Qe3 Nd7 17.Nbd4 Ndxe5 18.Nxf5 exf5 19.Nxe5 Rae8 20.Rfb1 Rxe5 
21.Rxb2 Rxe3 22.Bf3 Ne5 23.Rxb7 Nxf3+ 24.gxf3 Rc3 25.Rc7 Rd8 26.a4 g6 27.
a5 a6 28.Rb1 Rd2 29.Rc6 Ra2 30.Rxa6 Rxc4 31.Ra8+ Kg7 32.a6 Rca4 33.Rb6 Rc4
34.Rb1 Rcc2 35.a7 Rg2+ 36.Kh1 Rxh2+ 37.Kg1 Rhc2 38.Kh1 Rc7 0-1

[Event "26th EUR-ch"]
[Site "Katowice POL"]
[Date "2026.04.10"]
[Round "3.211"]
[White "Gajdzica, Maciej"]
[Black "Karpov, Vladyslav"]
[Result "1-0"]
[WhiteElo "2110"]
[BlackElo "1828"]
[EventDate "2026.04.07"]
[PlyCount "59"]

1.d4 Nf6 2.c4 g6 3.Nc3 d5 4.cxd5 Nxd5 5.e4 Nxc3 6.bxc3 Bg7 7.Nf3 c5 8.Rb1 
Nc6 9.d5 Na5 10.Bb5+ Bd7 11.O-O O-O 12.Be3 b6 13.Be2 Bxc3 14.Bh6 Bg7 15.
Qc1 Bg4 16.Bxg7 Kxg7 17.Qc3+ Kg8 18.Rbd1 Bxf3 19.Bxf3 Qd7 20.Rfe1 Rad8 21.
h4 Qa4 22.h5 Qxa2 23.h6 f6 24.e5 Qc4 25.Qe3 Qh4 26.d6 e6 27.exf6 Rxf6 28.
Qc3 Kf7 29.Rxe6 Rxf3 30.Re7+ 1-0

[Event "26th EUR-ch"]
[Site "Katowice POL"]
[Date "2026.04.10"]
[Round "3.212"]
[White "Rudowski, Szymon"]
[Black "Hasson Schrager, Shalev"]
[Result "0-1"]
[WhiteElo "1809"]
[BlackElo "2110"]
[EventDate "2026.04.07"]
[PlyCount "62"]

1.e4 e5 2.Nf3 Nc6 3.Bc4 Nf6 4.d3 Bc5 5.O-O d6 6.c3 a6 7.a4 Ba7 8.a5 O-O 9.
Nbd2 Kh8 10.Bb3 Ng4 11.Qe2 f5 12.exf5 Bxf5 13.Ne4 d5 14.Ng3 Nxf2 15.Rxf2 
Bxf2+ 16.Kxf2 Bg4 17.Ra4 e4 18.dxe4 Ne5 19.exd5 Nxf3 20.gxf3 Bxf3 21.Qxf3 
Rxf3+ 22.Kxf3 Qd7 23.Rh4 Rf8+ 24.Kg2 Qe7 25.Re4 Qc5 26.Be3 Qb5 27.Rb4 Qd3 
28.Re4 h6 29.Kh3 Rf3 30.Re8+ Kh7 31.Bd4 Qf1+ 0-1

[Event "26th EUR-ch"]
[Site "Katowice POL"]
[Date "2026.04.10"]
[Round "3.213"]
[White "Palamarchuk, Andriy"]
[Black "Wesolowski, Jeremi"]
[Result "1-0"]
[WhiteElo "2110"]
[BlackElo "1828"]
[EventDate "2026.04.07"]
[PlyCount "61"]

1.e4 e5 2.d4 exd4 3.Qxd4 Nc6 4.Qc4 Nf6 5.Nc3 Bb4 6.Bd2 Qe7 7.O-O-O Bxc3 8.
Bxc3 d6 9.f3 Be6 10.Qb5 O-O-O 11.Ne2 a6 12.Qa4 d5 13.Nf4 Qc5 14.Bxf6 gxf6 
15.exd5 Nb4 16.g3 Bf5 17.Bd3 Nxd3+ 18.Nxd3 Qe3+ 19.Kb1 Qxf3 20.Nf4 Qf2 21.
Rhf1 Qc5 22.Rfe1 Bd7 23.Qd4 Qd6 24.Nh5 f5 25.Qa7 c6 26.dxc6 Qxc6 27.Rd3 
Rhe8 28.Red1 Re4 29.Nf4 Rc4 30.Nd5 Rxc2 31.Qa8# 1-0

[Event "26th EUR-ch"]
[Site "Katowice POL"]
[Date "2026.04.10"]
[Round "3.214"]
[White "Biela, Jan"]
[Black "Marzano, Carlo"]
[Result "0-1"]
[WhiteElo "1805"]
[BlackElo "2108"]
[EventDate "2026.04.07"]
[PlyCount "78"]

1.e4 d5 2.exd5 Qxd5 3.Nc3 Qa5 4.Nf3 Nf6 5.h3 Bf5 6.d4 e6 7.Bd3 Bb4 8.O-O 
Bxd3 9.Qxd3 Bxc3 10.bxc3 O-O 11.Bd2 Qa6 12.Rfb1 Qxd3 13.cxd3 b6 14.Kf1 
Nbd7 15.Ne5 c5 16.Nxd7 Nxd7 17.dxc5 Nxc5 18.Ke2 Rfd8 19.d4 Nb7 20.Kd3 Rac8
21.c4 e5 22.d5 Nd6 23.Rc1 Nxc4 24.Rxc4 Rxd5+ 25.Ke4 Rxc4+ 26.Kxd5 Rd4+ 27.
Kxe5 Rxd2 28.Rc1 f6+ 29.Ke6 Re2+ 30.Kd6 Rxa2 31.f4 Rxg2 32.Rc8+ Kf7 33.
Rc7+ Kg6 34.Rxa7 Rf2 35.Kc6 Rxf4 36.Kxb6 Rf3 37.h4 Rf4 38.h5+ Kh6 39.Kc6 
Rf5 0-1

[Event "26th EUR-ch"]
[Site "Katowice POL"]
[Date "2026.04.10"]
[Round "3.215"]
[White "Bochniak, Franciszek"]
[Black "Was, Stanislaw"]
[Result "1-0"]
[WhiteElo "2107"]
[BlackElo "1806"]
[EventDate "2026.04.07"]
[PlyCount "83"]

1.Nf3 d5 2.e3 c5 3.b3 Nc6 4.Bb2 Bg4 5.h3 Bh5 6.Bb5 a6 7.Bxc6+ bxc6 8.g4 
Bg6 9.Ne5 Qc7 10.d3 f6 11.Nxg6 hxg6 12.Nd2 e5 13.Qe2 Bd6 14.O-O-O Ne7 15.
e4 g5 16.h4 gxh4 17.g5 O-O-O 18.f4 Ng6 19.gxf6 Nxf4 20.Qg4+ Qd7 21.Qxg7 
Qxg7 22.fxg7 Rh5 23.Nf3 h3 24.Rh2 Rg8 25.Rg1 Kd7 26.Rg4 d4 27.Kd1 Rh7 28.
Bc1 Ne6 29.Rg3 Rhxg7 30.Rxg7+ Rxg7 31.Rxh3 Kc7 32.Ke1 Rg2 33.Rh2 Rg6 34.
Rh6 Rxh6 35.Bxh6 Kb6 36.Kf2 a5 37.Nd2 Kb5 38.a4+ Ka6 39.Nc4 Bc7 40.Kg3 Nd8
41.Kg4 Nf7 42.Bg7 1-0

[Event "26th EUR-ch"]
[Site "Katowice POL"]
[Date "2026.04.10"]
[Round "3.216"]
[White "Szente Varga, Fruzsina"]
[Black "Zielinski, Marcin"]
[Result "1-0"]
[WhiteElo "2078"]
[BlackElo "1784"]
[EventDate "2026.04.07"]
[PlyCount "57"]

1.e4 c5 2.Nc3 Nc6 3.Bb5 Nd4 4.Nf3 Nxb5 5.Nxb5 a6 6.Nc3 e6 7.d4 cxd4 8.Qxd4
Ne7 9.Bg5 Qc7 10.Bxe7 Kxe7 11.e5 d5 12.exd6+ Qxd6 13.Qh4+ f6 14.O-O g5 15.
Qh5 Bd7 16.Rad1 Be8 17.Qh3 Qf4 18.Rfe1 Kf7 19.Qxe6+ Kg7 20.Nd5 Qd6 21.Qxd6
Bxd6 22.Nxf6 Bxh2+ 23.Kxh2 Kxf6 24.Rd6+ Kg7 25.Re7+ Kf8 26.Rxb7 g4 27.Ng5 
Bg6 28.Ne6+ Ke8 29.Rdd7 1-0

[Event "26th EUR-ch"]
[Site "Katowice POL"]
[Date "2026.04.10"]
[Round "3.217"]
[White "Stawecki, Bartlomiej"]
[Black "Matskevich, Varvara"]
[Result "1/2-1/2"]
[WhiteElo "1776"]
[BlackElo "2073"]
[EventDate "2026.04.07"]
[PlyCount "115"]

1.e4 c5 2.Nf3 Nc6 3.d4 cxd4 4.Nxd4 Nf6 5.Nc3 e5 6.Ndb5 d6 7.Bg5 a6 8.Na3 
b5 9.Nd5 Be7 10.Bxf6 Bxf6 11.c3 O-O 12.Nc2 Bg5 13.a4 Rb8 14.axb5 axb5 15.
h4 Bh6 16.g3 f5 17.Bg2 g6 18.O-O f4 19.Qd3 Rf7 20.Ncb4 Nxb4 21.Nxb4 Qf8 
22.Rfd1 fxg3 23.fxg3 Bg4 24.Rf1 Rbb7 25.Rxf7 Rxf7 26.Nd5 Qb8 27.Rf1 Be6 
28.Rxf7 Bxf7 29.Bf1 Qa7+ 30.Kg2 Qa4 31.Be2 Kg7 32.g4 Bc1 33.Qb1 Bxd5 34.
exd5 Qf4 35.b4 e4 36.c4 Qe3 37.Qa1+ Kf7 38.Qa2 Bd2 39.Bd1 Be1 40.Qe2 Qg3+ 
41.Kf1 Bxb4 42.Qxe4 Qh3+ 43.Qg2 Qd3+ 44.Qe2 Qxc4 45.Qxc4 bxc4 46.g5 Bd2 
47.Ke2 Bb4 48.Bc2 Ba5 49.Be4 Ke7 50.Bf3 Bc3 51.Bg4 Be5 52.Kd2 Kd8 53.Be6 
Ke7 54.Bg8 Kf8 55.Be6 Ke7 56.Kc2 Kd8 57.Bg4 Ke8 58.Be2 1/2-1/2

[Event "26th EUR-ch"]
[Site "Katowice POL"]
[Date "2026.04.10"]
[Round "3.218"]
[White "Gikas, Andreas Basilius"]
[Black "Babinska, Liwia"]
[Result "1/2-1/2"]
[WhiteElo "2072"]
[BlackElo "1763"]
[EventDate "2026.04.07"]
[PlyCount "110"]

1.e4 c6 2.d4 d5 3.e5 c5 4.dxc5 e6 5.Be3 Ne7 6.f4 Nf5 7.Bf2 h5 8.c3 Qc7 9.
Bd3 Bxc5 10.Qe2 b6 11.Nf3 Bxf2+ 12.Qxf2 Ba6 13.Bxf5 exf5 14.Qc2 Qc4 15.Nd4
O-O 16.Nd2 Qd3 17.O-O-O Qxc2+ 18.Kxc2 g6 19.N2f3 Nd7 20.Nc6 Nc5 21.Rhe1 
Bb7 22.Ne7+ Kg7 23.Nxd5 Ne6 24.Ng5 Bxd5 25.Rxd5 Nxf4 26.Rd7 Kg8 27.e6 Nxg2
28.Rg1 Nf4 29.exf7+ Kg7 30.Rf1 Kh6 31.h4 Ng2 32.Rf2 Nxh4 33.Ne6 Kh7 34.Re2
Nf3 35.Nc7 Rac8 36.Re8 Rxc7 37.Rxc7 Kg7 38.Re3 Ng5 39.Rxa7 h4 40.a4 h3 41.
Rd7 h2 42.Rd1 Ne4 43.Re2 h1=Q 44.Rxh1 Ng3 45.Rhh2 Nxe2 46.Rxe2 Rxf7 47.b4 
f4 48.Re1 g5 49.Re5 Kf6 50.Rb5 Rb7 51.a5 f3 52.Rxb6+ Rxb6 53.axb6 f2 54.b7
f1=Q 55.b8=Q Qe2+ 1/2-1/2

[Event "26th EUR-ch"]
[Site "Katowice POL"]
[Date "2026.04.10"]
[Round "3.219"]
[White "Sprzeczka, Emilia"]
[Black "Demiroz, Alp"]
[Result "1-0"]
[WhiteElo "2066"]
[BlackElo "1762"]
[EventDate "2026.04.07"]
[PlyCount "103"]

1.e4 c5 2.b3 Nc6 3.Bb2 e5 4.Nc3 Nf6 5.Bc4 d6 6.Nge2 Be7 7.O-O O-O 8.f4 
exf4 9.Nxf4 Nd4 10.d3 Ng4 11.Ncd5 Bf6 12.c3 Nc6 13.h3 Nge5 14.Nxf6+ Qxf6 
15.Ne6 Nxc4 16.Rxf6 Nxb2 17.Qe2 Bxe6 18.Rff1 Nxd3 19.Qxd3 Rfd8 20.Rad1 Ne5
21.Qg3 c4 22.bxc4 Nxc4 23.h4 Rac8 24.Rd4 Rc6 25.e5 d5 26.h5 h6 27.Qf4 Nb6 
28.Rf3 Rdc8 29.Qd2 Nc4 30.Qe1 Ra6 31.Rf2 Rc5 32.Re2 Rca5 33.Qf2 Ra3 34.Rd3
Rb6 35.Kh2 Ra5 36.Qh4 Rc6 37.g4 Rca6 38.Rg3 Rxa2 39.Rgg2 Rxe2 40.Rxe2 Ra3 
41.Qd8+ Kh7 42.g5 Bg4 43.Rg2 Nxe5 44.g6+ fxg6 45.hxg6+ Nxg6 46.Rxg4 Rxc3 
47.Qxd5 Rc6 48.Rg3 Rc2+ 49.Rg2 Rxg2+ 50.Qxg2 h5 51.Qg5 h4 52.Qh5+ 1-0

[Event "26th EUR-ch"]
[Site "Katowice POL"]
[Date "2026.04.10"]
[Round "3.220"]
[White "Bognar, Csaba"]
[Black "Vukazic, Zlatko"]
[Result "1-0"]
[WhiteElo "2057"]
[BlackElo "1744"]
[EventDate "2026.04.07"]
[PlyCount "93"]

1.d4 Nf6 2.c4 g6 3.Nc3 Bg7 4.e4 d6 5.f3 O-O 6.Be3 c5 7.Nge2 Nc6 8.Qd2 Qa5 
9.Rd1 a6 10.d5 Ne5 11.Nc1 b5 12.cxb5 axb5 13.Nxb5 Qxd2+ 14.Bxd2 Bd7 15.f4 
Neg4 16.Nc3 e6 17.h3 Nh6 18.g4 Nhxg4 19.hxg4 Nxg4 20.dxe6 fxe6 21.Bh3 Nf6 
22.O-O Nh5 23.Be3 Bd4 24.Bxd4 cxd4 25.N3e2 Ra4 26.b3 Rb4 27.Nd3 Rb6 28.
Nxd4 Re8 29.Kh2 Ng7 30.Rd2 Bc8 31.Bg2 Ba6 32.Rff2 e5 33.fxe5 dxe5 34.Nf3 
Bxd3 35.Rxd3 Nh5 36.Rc2 Nf4 37.Rd7 g5 38.Nxe5 Rh6+ 39.Kg1 Rf8 40.Ng4 Rh4 
41.Ne3 g4 42.Nf5 Rh5 43.Rg7+ Kh8 44.Rxg4 Nd3 45.Rg3 Ne5 46.Rd2 Ng6 47.Bf3 
1-0

[Event "26th EUR-ch"]
[Site "Katowice POL"]
[Date "2026.04.10"]
[Round "3.221"]
[White "Gospodarczyk, Wlodzimierz"]
[Black "Hertlein, Irena"]
[Result "0-1"]
[WhiteElo "1727"]
[BlackElo "2057"]
[EventDate "2026.04.07"]
[PlyCount "57"]

1.Nf3 d5 2.d4 e6 3.Bf4 c5 4.e3 Nc6 5.c3 Nf6 6.Nbd2 Bd6 7.Bg3 O-O 8.Qc2 
cxd4 9.exd4 b6 10.Bd3 Bb7 11.Ne5 Rc8 12.Nxc6 Rxc6 13.Nf3 Rc8 14.Bxd6 Qxd6 
15.O-O Ne4 16.Rae1 Qf4 17.Re3 g6 18.Qe2 Rc7 19.Rd1 Nd6 20.Ne5 Rfc8 21.Rf3 
Qg5 22.Rg3 Qe7 23.Qf3 Ne4 24.Rh3 Ng5 25.Qg4 Nxh3+ 26.Qxh3 Rf8 27.Re1 Bc8 
28.Re3 f6 29.Bxg6 0-1

[Event "26th EUR-ch"]
[Site "Katowice POL"]
[Date "2026.04.10"]
[Round "3.222"]
[White "Szczypka, Sebastian"]
[Black "Stan, Andrei-Mihaita"]
[Result "0-1"]
[WhiteElo "1717"]
[BlackElo "2038"]
[EventDate "2026.04.07"]
[PlyCount "102"]

1.e4 c5 2.c3 d5 3.exd5 Qxd5 4.d4 e6 5.Nf3 Nf6 6.Be2 Nc6 7.O-O Be7 8.Be3 
cxd4 9.cxd4 O-O 10.Nc3 Qd6 11.a3 Nd5 12.Ne4 Qd8 13.Qd3 b6 14.Rac1 Nxe3 15.
Qxe3 Bb7 16.Rfd1 Rc8 17.Bc4 Na5 18.Ba2 Rxc1 19.Rxc1 Qa8 20.Bb1 Bd5 21.Rc7 
Bd8 22.Rc3 Nc4 23.Qd3 f5 24.Neg5 b5 25.Qe2 Bxg5 26.Nxg5 Qe8 27.Rg3 h6 28.
Nh3 Qb8 29.Qh5 Qc7 30.Qxh6 Qxg3 31.Qxe6+ Bxe6 32.hxg3 Kf7 33.Nf4 g5 34.Nh3
Kf6 35.f4 g4 36.Ng5 Bg8 37.Kf2 Rd8 38.Ke2 Rxd4 39.b3 Nxa3 40.Bd3 Rd7 41.
Ke3 Bxb3 42.Be2 Bc4 43.Bxc4 Nxc4+ 44.Kf2 Rd2+ 45.Kg1 Ne3 46.Kh1 b4 47.Ne4+
fxe4 48.f5 b3 49.Kg1 b2 50.Kh2 Rxg2+ 51.Kh1 b1=Q# 0-1

[Event "26th EUR-ch"]
[Site "Katowice POL"]
[Date "2026.04.10"]
[Round "3.223"]
[White "Truchel, Tomasz"]
[Black "Pozimski, Szymon"]
[Result "1/2-1/2"]
[WhiteElo "1698"]
[BlackElo "2025"]
[EventDate "2026.04.07"]
[PlyCount "123"]

1.e4 c5 2.Nf3 Nc6 3.Nc3 g6 4.Bc4 Bg7 5.d3 d6 6.a3 Nf6 7.O-O O-O 8.h3 a6 9.
Nh2 b5 10.Ba2 Bb7 11.Nd5 e6 12.Nxf6+ Qxf6 13.Ng4 Qe7 14.Bh6 Ne5 15.Bxg7 
Kxg7 16.Ne3 Nd7 17.f4 Nb6 18.f5 exf5 19.Rxf5 Kh8 20.Rf2 f5 21.Nd5 Bxd5 22.
exd5 Rae8 23.Qd2 Qe5 24.c4 bxc4 25.Bxc4 Nxd5 26.Bxa6 Nc7 27.Bc4 d5 28.Ba2 
Nb5 29.Rc1 Rc8 30.Re2 Qd6 31.Rce1 Nd4 32.Re5 c4 33.Qc3 Nb5 34.Qa5 Qc5+ 35.
Kh1 Ra8 36.Qd2 c3 37.Qc2 Rfd8 38.a4 Qd4 39.Bb3 cxb2 40.axb5 Ra1 41.Re2 
Rda8 42.Kh2 Qf4+ 43.g3 Qc1 44.Qxb2+ Qxb2 45.Rxb2 Rxe1 46.Bxd5 Rb8 47.b6 
Re5 48.Bh1 Kg7 49.b7 Kf6 50.d4 Re6 51.Ra2 Rb6 52.h4 Ke6 53.Ra8 R8xb7 54.
Bxb7 Rxb7 55.Rd8 Rd7 56.Rxd7 Kxd7 57.Kg2 Kd6 58.Kf3 Kd5 59.Kf4 Kxd4 60.h5 
gxh5 61.Kxf5 Ke3 62.Kg5 1/2-1/2

[Event "26th EUR-ch"]
[Site "Katowice POL"]
[Date "2026.04.10"]
[Round "3.224"]
[White "Lasok, Marek"]
[Black "Klementys, Jerzy"]
[Result "1-0"]
[WhiteElo "2009"]
[BlackElo "1733"]
[EventDate "2026.04.07"]
[PlyCount "79"]

1.e4 c5 2.Nf3 d6 3.d4 cxd4 4.Nxd4 Nf6 5.Nc3 a6 6.h3 e5 7.Nb3 Be6 8.f4 Qc7 
9.g4 h6 10.f5 Bc4 11.Bxc4 Qxc4 12.Qf3 b5 13.a3 Nbd7 14.Be3 Rc8 15.O-O-O d5
16.Nd2 Qc7 17.exd5 Bxa3 18.Ndb1 b4 19.d6 Bxb2+ 20.Kxb2 bxc3+ 21.Ka2 Qb8 
22.Bc1 Qb4 23.Na3 O-O 24.Rhg1 Nh7 25.h4 Rc5 26.g5 h5 27.Qxh5 Ra5 28.g6 
Nhf6 29.gxf7+ Rxf7 30.Qf3 Nb6 31.d7 Nfxd7 32.Qb7 Qc4+ 33.Kb1 Qc5 34.Ka2 
Nc4 35.Qb3 Nf6 36.Rg3 Ne4 37.Rd8+ Kh7 38.Rgd3 Nxa3 39.Bxa3 Rb7 40.Qg8+ 1-0

[Event "26th EUR-ch"]
[Site "Katowice POL"]
[Date "2026.04.10"]
[Round "3.225"]
[White "Ciupek, Oskar"]
[Black "Golsta, Madara"]
[Result "1-0"]
[WhiteElo "1682"]
[BlackElo "2008"]
[EventDate "2026.04.07"]
[PlyCount "81"]

1.e4 e5 2.Nf3 Nc6 3.d4 exd4 4.Nxd4 Qf6 5.Be3 Bc5 6.c3 Nge7 7.Bc4 O-O 8.O-O
Ne5 9.Be2 d6 10.Nd2 N7g6 11.f4 Nc6 12.N2b3 Bb6 13.Qd2 Re8 14.Bd3 h6 15.
Rae1 Bd7 16.Rf3 a5 17.a4 Nxd4 18.Bxd4 Bxd4+ 19.Nxd4 Bxa4 20.e5 Qe7 21.e6 
Qf6 22.Bc4 Nh8 23.f5 Bc6 24.Rfe3 d5 25.Bd3 a4 26.Qe2 fxe6 27.fxe6 g6 28.
Rf1 Qg7 29.e7 Bd7 30.h3 a3 31.bxa3 Rxa3 32.Qe1 Raa8 33.Rff3 c5 34.Ne6 Bxe6
35.Rxe6 d4 36.Rg3 Kh7 37.Qb1 dxc3 38.Bxg6+ Nxg6 39.Rexg6 Qd4+ 40.Kh2 c2 
41.Qxc2 1-0

[Event "26th EUR-ch"]
[Site "Katowice POL"]
[Date "2026.04.10"]
[Round "3.226"]
[White "Pasa, Ahmet"]
[Black "Gawronski, Michal"]
[Result "1-0"]
[WhiteElo "2004"]
[BlackElo "1717"]
[EventDate "2026.04.07"]
[PlyCount "115"]

1.e4 c6 2.d4 d5 3.e5 c5 4.dxc5 Nc6 5.f4 Nh6 6.Be3 Bf5 7.Nf3 e6 8.c3 a5 9.
Bb5 Bg4 10.Nbd2 Be7 11.O-O Nf5 12.Bf2 O-O 13.h3 Bxf3 14.Nxf3 Qc7 15.Bxc6 
bxc6 16.b4 axb4 17.cxb4 Ra3 18.Nd4 Rfa8 19.Nxf5 exf5 20.Qc2 g6 21.Rfb1 Qb7
22.Rb3 Qb5 23.Qb2 R3a4 24.a3 Rb8 25.Bd4 h5 26.e6 Qb7 27.Re1 Bf8 28.Qe2 Bg7
29.Bxg7 Kxg7 30.Qe5+ f6 31.Qd6 Re8 32.e7 Ra7 33.Rbe3 Qc7 34.Re6 Qxd6 35.
cxd6 Kf7 36.Kf1 Rd7 37.R1e2 g5 38.fxg5 fxg5 39.Ke1 h4 40.Rh6 g4 41.hxg4 
fxg4 42.Rf2+ Kg7 43.Rhf6 h3 44.gxh3 gxh3 45.Rf7+ Kg6 46.Rf8 Rexe7+ 47.dxe7
Rxe7+ 48.Kf1 Kg5 49.Kg1 d4 50.R8f3 Re1+ 51.Rf1 Re2 52.Rxh3 Kg4 53.Rd3 Ra2 
54.Rxd4+ Kg3 55.Rd3+ Kg4 56.Rc1 c5 57.bxc5 Re2 58.c6 1-0

[Event "26th EUR-ch"]
[Site "Katowice POL"]
[Date "2026.04.10"]
[Round "3.227"]
[White "Stierhof, Michael"]
[Black "Pilch, Anna"]
[Result "1-0"]
[WhiteElo "1993"]
[BlackElo "1699"]
[EventDate "2026.04.07"]
[PlyCount "55"]

1.e4 c5 2.c3 Nf6 3.e5 Nd5 4.Nf3 Nc6 5.Bc4 Nb6 6.Bb3 c4 7.Bc2 e6 8.O-O d5 
9.exd6 Bxd6 10.b3 O-O 11.Na3 cxb3 12.axb3 a6 13.d4 g6 14.c4 Be7 15.Bh6 Re8
16.Qd2 Bf6 17.Rad1 Qe7 18.Nb1 Rd8 19.Qf4 Bg7 20.Nc3 Qf6 21.Ne4 Qxf4 22.
Bxf4 Nxd4 23.Nxd4 Rxd4 24.Be3 Rxd1 25.Rxd1 Nd7 26.Nc5 Ne5 27.Rd8+ Bf8 28.
Bh6 1-0

[Event "26th EUR-ch"]
[Site "Katowice POL"]
[Date "2026.04.10"]
[Round "3.228"]
[White "Wolynski, Antoni"]
[Black "Malecki, Rafal"]
[Result "1-0"]
[WhiteElo "1669"]
[BlackElo "1992"]
[EventDate "2026.04.07"]
[PlyCount "59"]

1.e4 d6 2.d4 g6 3.Nc3 Bg7 4.Nf3 Nc6 5.Bc4 Nf6 6.Be3 a6 7.h3 b5 8.Bd3 O-O 
9.Qd2 Bb7 10.O-O-O e5 11.d5 Ne7 12.Bh6 c6 13.Bxg7 Kxg7 14.dxc6 Bxc6 15.g4 
b4 16.g5 Nd7 17.Ne2 Qa5 18.Kb1 d5 19.Ng3 Rab8 20.h4 dxe4 21.Bxe4 Nc5 22.
Bxc6 Nxc6 23.Qd6 Na4 24.Ne4 Rfc8 25.h5 Nc3+ 26.Nxc3 bxc3 27.h6+ Kg8 28.b3 
Nb4 29.a4 Qxa4 30.bxa4 1-0

[Event "26th EUR-ch"]
[Site "Katowice POL"]
[Date "2026.04.10"]
[Round "3.229"]
[White "Krawczyk, Marcin"]
[Black "Dovzhenko, Oleksandr"]
[Result "1-0"]
[WhiteElo "1663"]
[BlackElo "1990"]
[EventDate "2026.04.07"]
[PlyCount "49"]

1.e4 c5 2.Nf3 Nc6 3.d4 cxd4 4.Nxd4 e5 5.Nb5 a6 6.Nd6+ Bxd6 7.Qxd6 Qf6 8.
Qd1 Qg6 9.Nc3 Nf6 10.f3 b5 11.Be3 O-O 12.Nd5 Bb7 13.Nxf6+ Qxf6 14.Qxd7 
Rab8 15.Bd3 Rfd8 16.Qg4 Bc8 17.Qg3 h6 18.a3 Be6 19.O-O g5 20.h4 Qg6 21.
hxg5 f6 22.f4 exf4 23.Bxf4 hxg5 24.Bxb8 Rxb8 25.Qd6 1-0

[Event "26th EUR-ch"]
[Site "Katowice POL"]
[Date "2026.04.10"]
[Round "3.230"]
[White "Smolinski, Wojciech"]
[Black "Kozera, Patryk"]
[Result "1-0"]
[WhiteElo "1989"]
[BlackElo "1694"]
[EventDate "2026.04.07"]
[PlyCount "77"]

1.e4 c5 2.Be2 Nc6 3.d3 g6 4.f4 Bg7 5.Nf3 e6 6.O-O Nge7 7.c3 d5 8.e5 O-O 9.
d4 cxd4 10.cxd4 f6 11.Na3 fxe5 12.fxe5 Qb6 13.Kh1 Nf5 14.Nc2 Bd7 15.Rb1 
Rac8 16.g4 Nfe7 17.Bd2 a5 18.Kg2 Nb4 19.Nxb4 axb4 20.a3 bxa3 21.bxa3 Qa7 
22.Bb4 Rfe8 23.Bc5 Rxc5 24.dxc5 Qxc5 25.Rxb7 Bc6 26.Rb4 Bh6 27.Nd4 Bd7 28.
Bb5 Bxb5 29.Rxb5 Qxa3 30.Qf3 Qxf3+ 31.Rxf3 Bg7 32.Re3 Nc8 33.Rb8 Kf7 34.
Rf3+ Kg8 35.Rc3 Nd6 36.exd6 Rxb8 37.d7 Rf8 38.Rc8 Bf6 39.Nxe6 1-0